000 01282nam a22003497i 4500
001 193287
003 ES-MaACL
005 20240830141702.0
007 ta
008 2021b sp ||||| |||| 00| 0 spa d
020 _a9788412420661
040 _bspa
_cES-MaACL
080 _2821.134.2-31"19"
100 1 _9234283
_aBenítez, Jesús,
_d1957-
_eaut
245 1 3 _aEl viaje imaginario :
_buna historia ejemplar /
_cJesús Benítez Benítez ; [prólogo, Aurelio de Prada]
250 _a1ª edición: septiembre 2021
260 _aBadalona :
_bCélebre,
_c2021
300 _a288 páginas ;
_c21 cm
336 _2rdacontent
_aTexto
337 _2rdamedia
_asin mediación
338 _2rdacarrier
_avolumen
650 7 _aNovelas
_2embne
_9233904
700 1 _9234416
_aPrada García, Aurelio de
_eaui
852 _aES-MaACL
_bR. 154691
_cDEPOJ
_jN-9465
_gDedicatoria autógrafa del autor
_hDonación: Jesús Benítez
_9200726
_xEncuadernación rústica con solapas
903 _9234283
_aBenítez, Jesús,
_d1957-
_ednr
942 _n0
_cMONOGRAFIA
999 _c193287
_d193287